[Event "C.to Provinciale AT"]
[Site "Asti ITA"]
[Date "2009.04.18"]
[Round "4"]
[White "Sorcinelli, Francesco"]
[Black "Bove, Alessandro"]
[Result "0-1"]
[WhiteElo "2116"]
[BlackElo "2297"]
[PlyCount "124"]
[EventDate "2009.04.16"]

1. e4 c6 2. d4 d5 3. Nc3 dxe4 4. Nxe4 Nf6 5. Nxf6+ gxf6 6. c3 Bf5 7. Nf3 Qd5 8.
Qb3 Qxb3 9. axb3 Rg8 10. g3 Nd7 11. Bg2 e6 12. O-O Bd6 13. Bd2 Bc2 14. b4 Nb6
15. Rfe1 Kd7 16. Rec1 Bb3 17. Ra3 Bd5 18. b3 a5 19. Rxa5 Bxb3 20. Rh5 Bd5 21.
Rxh7 Ke7 22. Nh4 Ra2 23. Re1 Nc4 24. Bxd5 cxd5 25. Nf5+ Ke8 26. Bh6 Bf8 27.
Bxf8 Rxf8 28. Ng7+ Kd8 29. Kg2 Nd6 30. Re3 Ne4 31. Kg1 Kd7 32. Nxe6 Kxe6 33. f3
f5 34. fxe4 fxe4 35. Rh5 f5 36. Rh6+ Rf6 37. Rh7 Rf7 38. Rh6+ Kd7 39. Rb6 Kc7
40. Rb5 Kc6 41. Rc5+ Kd6 42. c4 dxc4 43. Rc3 b6 44. R5xc4 Kd5 45. b5 Rb2 46.
Ra4 Rxb5 47. Ra8 Kxd4 48. Rca3 Rd7 49. h4 Rc7 50. Rd8+ Rd5 51. Rxd5+ Kxd5 52.
Rb3 Kd4 53. Rxb6 Rc3 54. Kf2 Rc2+ 55. Ke1 Rc1+ 56. Ke2 Rc2+ 57. Ke1 Rg2 58. Rb5
Rxg3 59. Rxf5 Ke3 60. h5 Rg1+ 61. Rf1 Rg2 62. h6 Ra2 0-1

[Event "C.to Provinciale AT"]
[Site "Asti ITA"]
[Date "2009.04.18"]
[Round "4"]
[White "Turchetta, Gianluca"]
[Black "Ronzano, Luca"]
[Result "1/2-1/2"]
[WhiteElo "1957"]
[BlackElo "1998"]
[PlyCount "93"]
[EventDate "2009.04.16"]

1. e4 Nc6 2. d4 e5 3. Nf3 exd4 4. Bc4 Nf6 5. O-O Nxe4 6. Re1 d5 7. Bxd5 Qxd5 8.
Nc3 Qh5 9. Nxe4 Be6 10. Neg5 O-O-O 11. Nxe6 fxe6 12. Rxe6 Bd6 13. Bd2 Rhf8 14.
h3 Qf5 15. Re2 d3 16. cxd3 Qxd3 17. Qe1 Rxf3 18. gxf3 Nd4 19. Re3 Nxf3+ 20.
Rxf3 Qxf3 21. Qe6+ Kb8 22. Re1 Bh2+ 23. Kf1 Qd3+ 24. Re2 b6 25. Kg2 Bd6 26. Bc3
g6 27. a4 Rf8 28. a5 Qf3+ 29. Kg1 Qf4 30. Rd2 Qh2+ 31. Kf1 Qh1+ 32. Ke2 Qf3+
33. Ke1 Bc5 34. Rd7 Qh1+ 35. Kd2 Rxf2+ 36. Kd3 Qb1+ 37. Kc4 Qa2+ 38. b3 Qe2+
39. Qxe2 Rxe2 40. a6 Re8 41. Rxh7 Rg8 42. Kb5 Bd6 43. Kc6 Kc8 44. b4 Bf4 45. b5
g5 46. Rh8 Rxh8 47. Bxh8 1/2-1/2

[Event "C.to Provinciale AT"]
[Site "Asti ITA"]
[Date "2009.04.18"]
[Round "4"]
[White "Venturino, Federico"]
[Black "Porzio, Massimo"]
[Result "1-0"]
[WhiteElo "1877"]
[BlackElo "1901"]
[PlyCount "93"]
[EventDate "2009.04.16"]

1. d4 Nf6 2. Nf3 d5 3. c4 e6 4. Bg5 Be7 5. e3 h6 6. Bh4 Ne4 7. Bxe7 Qxe7 8. Nc3
Qb4 9. Qb3 Qxb3 10. axb3 Nxc3 11. bxc3 dxc4 12. Bxc4 Nd7 13. e4 Nf6 14. Nd2 a6
15. O-O Bd7 16. e5 Nd5 17. Bxd5 exd5 18. f4 Bf5 19. h3 h5 20. b4 Bd3 21. Rf3
Bc2 22. f5 h4 23. Rc1 Ba4 24. f6 g6 25. Rf4 Bc6 26. Nf3 a5 27. bxa5 Rxa5 28.
Rxh4 Rxh4 29. Nxh4 Ra3 30. Nf3 Bb5 31. h4 Bd3 32. Kh2 Ra2 33. Kh3 Rc2 34. Rxc2
Bxc2 35. g4 b6 36. h5 gxh5 37. gxh5 Bd1 38. h6 Bc2 39. Ng5 c5 40. dxc5 bxc5 41.
h7 Bxh7 42. Nxh7 c4 43. Kg3 d4 44. Kf3 d3 45. Ng5 Kf8 46. Ke3 Ke8 47. Ne4 1-0

[Event "C.to Provinciale AT"]
[Site "Asti ITA"]
[Date "2009.04.18"]
[Round "5"]
[White "Astengo, Marcello"]
[Black "Sola, Giuseppe"]
[Result "0-1"]
[WhiteElo "2114"]
[BlackElo "1993"]
[PlyCount "144"]
[EventDate "2009.04.16"]

1. d4 Nf6 2. c4 c5 3. d5 b5 4. cxb5 a6 5. e3 d6 6. e4 g6 7. Nc3 Bg7 8. Bg5 h6
9. Be3 O-O 10. Qd2 Kh7 11. Bd3 Nbd7 12. bxa6 Ne5 13. Bb5 Bxa6 14. Bxa6 Rxa6 15.
Qc2 Qb6 16. a4 Qb4 17. Nge2 Rb8 18. Ra2 Nc4 19. Bc1 Rba8 20. O-O Nd7 21. f4
Ncb6 22. b3 c4 23. bxc4 Qxc4 24. Be3 Nxa4 25. Nxa4 Qxc2 26. Rxc2 Rxa4 27. Ng3
h5 28. Rc7 Rd8 29. h4 Bf6 30. Rb1 Bxh4 31. Bf2 Nc5 32. e5 Rxf4 33. exd6 exd6
34. Bxc5 Bxg3 35. Bb6 Re8 36. Rc3 h4 37. Bc7 Rd4 38. Rf3 f5 39. Bb6 Rxd5 40.
Ba7 Rde5 41. Rb7+ Kh6 42. Bf2 f4 43. Rb4 g5 44. Rb6 R8e6 45. Rb8 g4 46. Bxg3
fxg3 47. Rf1 Re1 48. Rh8+ Kg7 49. Rxh4 Rxf1+ 50. Kxf1 Re4 51. Rh5 Kf6 52. Ra5
Re3 53. Rd5 Ke6 54. Rg5 Re4 55. Ra5 d5 56. Ra3 Ke5 57. Rxg3 Kd4 58. Ra3 Kc4 59.
Kf2 d4 60. Ra8 d3 61. Rc8+ Kd4 62. Rc7 d2 63. Rd7+ Kc3 64. g3 Kc2 65. Rc7+ Kd1
66. Rc3 Re2+ 67. Kf1 Re7 68. Rc8 Rf7+ 69. Kg2 Rd7 70. Kf2 Rf7+ 71. Kg2 Ra7 72.
Kf2 Ra3 0-1

[Event "C.to Provinciale AT"]
[Site "Asti ITA"]
[Date "2009.04.18"]
[Round "5"]
[White "Bisi, Samuele"]
[Black "Quirico, Paolo"]
[Result "0-1"]
[WhiteElo "1762"]
[BlackElo "2096"]
[PlyCount "94"]
[EventDate "2009.04.16"]

1. d4 Nf6 2. c4 e5 3. dxe5 Ng4 4. Bf4 g5 5. Bg3 Bg7 6. Nf3 Nc6 7. Qc2 Ngxe5 8.
Nxe5 Nxe5 9. Nc3 d6 10. e3 Be6 11. Bxe5 Bxe5 12. Bd3 Qd7 13. O-O-O O-O-O 14.
Nb5 Kb8 15. Nd4 h6 16. Qb3 f5 17. Be2 g4 18. Rhe1 h5 19. g3 h4 20. Rh1 Rh6 21.
Nxe6 Qxe6 22. Bf1 c6 23. Bg2 Qd7 24. Qc2 Rdh8 25. Rde1 h3 26. Bf1 d5 27. Rd1
Rd6 28. Bd3 Rf8 29. c5 Rdf6 30. Rhf1 Qd8 31. Qd2 R6f7 32. f4 Bg7 33. Bb1 Qf6
34. Qc3 Qe7 35. Qd2 Qxc5+ 36. Bc2 Re7 37. Rfe1 Re4 38. Kb1 Rb4 39. Bb3 a5 40.
Qc2 Qb6 41. Rd3 a4 42. Re2 axb3 43. axb3 Re8 44. Kc1 Rbe4 45. Qd2 Bf8 46. Kb1
Bc5 47. Qc2 Bxe3 0-1

[Event "C.to Provinciale AT"]
[Site "Asti ITA"]
[Date "2009.04.18"]
[Round "5"]
[White "Bove, Alessandro"]
[Black "Damia, Angelo"]
[Result "1/2-1/2"]
[WhiteElo "2297"]
[BlackElo "2235"]
[PlyCount "23"]
[EventDate "2009.04.16"]

1. Nf3 Nf6 2. c4 e6 3. Nc3 d5 4. d4 c6 5. e3 Bd6 6. Qc2 Nbd7 7. b3 a6 8. Bd3
Qe7 9. cxd5 cxd5 10. O-O O-O 11. Bb2 b5 12. e4 1/2-1/2

[Event "C.to Provinciale AT"]
[Site "Asti ITA"]
[Date "2009.04.18"]
[Round "5"]
[White "Del Nevo, Claudio"]
[Black "Monticone, Sonia"]
[Result "0-1"]
[WhiteElo "1894"]
[BlackElo "1789"]
[PlyCount "102"]
[EventDate "2009.04.16"]

1. d4 d5 2. Nf3 Nf6 3. Bg5 e6 4. e3 Be7 5. Bxf6 Bxf6 6. Bd3 Nd7 7. c3 c6 8. Qc2
h6 9. Nbd2 c5 10. h4 a6 11. g4 c4 12. Be2 b5 13. O-O-O Be7 14. g5 Qa5 15. a3
Nb6 16. Ne5 h5 17. g6 f6 18. Nc6 Qa4 19. Nxe7 Qxc2+ 20. Kxc2 Kxe7 21. e4 Bb7
22. Bf3 Rab8 23. Rde1 dxe4 24. Bxe4 Bxe4+ 25. Nxe4 Nd5 26. Nc5 Rb6 27. Re4 Nc7
28. Rhe1 Rd8 29. f4 Rd5 30. Rf1 Rf5 31. Kd2 Nd5 32. Ke2 Nc7 33. Kf3 Nd5 34.
Rfe1 Nc7 35. Kg3 Rd5 36. R4e2 Rf5 37. Ne4 Nd5 38. Rf2 Rc6 39. Nc5 Nc7 40. Kf3
Rd5 41. Ke4 Rf5 42. Rd1 Rd5 43. f5 Rcxc5 44. fxe6 Rc6 45. Rdf1 Rxe6+ 46. Kf4
Ne8 47. Kg3 Nd6 48. Rf4 Ne4+ 49. Kg2 Nd6 50. R1f2 f5 51. Kf3 Rxg6 0-1

[Event "C.to Provinciale AT"]
[Site "Asti ITA"]
[Date "2009.04.18"]
[Round "5"]
[White "Dritsakos, Alessio"]
[Black "Forno, Roberto"]
[Result "0-1"]
[WhiteElo "1924"]
[BlackElo "1944"]
[PlyCount "69"]
[EventDate "2009.04.16"]

1. e4 g6 2. d4 Bg7 3. Bc4 d6 4. Nc3 Nc6 5. Nf3 e5 6. Be3 Bg4 7. h3 exd4 8. Bxd4
Nxd4 9. hxg4 Ne6 10. Qd2 Qe7 11. Nd5 Qd7 12. O-O-O O-O-O 13. Qa5 Kb8 14. Nc3 c6
15. Nd2 Ne7 16. Nb3 Qc7 17. Qb4 Qb6 18. Qxb6 axb6 19. Rd2 h5 20. Bxe6 fxe6 21.
g5 e5 22. g3 Kc7 23. f4 Rh7 24. Rf2 Rf8 25. Ne2 d5 26. exd5 Nxd5 27. Kb1 Ne3
28. Rf3 Ng4 29. Nd2 Rf5 30. Ne4 Rh8 31. Rd1 h4 32. gxh4 Rxh4 33. Rfd3 Rf7 34.
Nd6 Rd7 35. fxe5 0-1

[Event "C.to Provinciale AT"]
[Site "Asti ITA"]
[Date "2009.04.18"]
[Round "5"]
[White "Fortino, Fabrizio"]
[Black "Turchetta, Gianluca"]
[Result "1-0"]
[WhiteElo "2081"]
[BlackElo "1957"]
[PlyCount "57"]
[EventDate "2009.04.16"]

1. e4 e6 2. d4 d5 3. Nc3 Bb4 4. e5 c5 5. a3 cxd4 6. axb4 dxc3 7. bxc3 Qc7 8.
Nf3 Nc6 9. Bb5 Nge7 10. O-O Bd7 11. Qe2 Ng6 12. Re1 O-O 13. Bd3 Nce7 14. h4 Nf5
15. h5 Ngh4 16. Nxh4 Nxh4 17. Bg5 Nf5 18. Qg4 Qxc3 19. Rad1 Kh8 20. h6 g6 21.
Bxf5 exf5 22. Bf6+ Kg8 23. Qh4 Qc6 24. Be7 f6 25. Bxf8 Rxf8 26. exf6 Rxf6 27.
Rxd5 Kf7 28. Qd4 Be6 29. Rd6 1-0

[Event "C.to Provinciale AT"]
[Site "Asti ITA"]
[Date "2009.04.18"]
[Round "5"]
[White "Giudici, Alberto"]
[Black "Roversi, Stefano"]
[Result "0-1"]
[WhiteElo "1999"]
[BlackElo "1871"]
[PlyCount "66"]
[EventDate "2009.04.16"]

1. d4 Nf6 2. Bf4 d5 3. Nf3 Nc6 4. e3 Bf5 5. c3 e6 6. Qa4 Bd6 7. Bb5 O-O 8. Nbd2
Nd7 9. Bxd6 cxd6 10. O-O Nb6 11. Qd1 a6 12. Bxc6 bxc6 13. Qe2 Na4 14. Nb3 a5
15. Ne1 c5 16. dxc5 dxc5 17. f3 Rb8 18. e4 Bg6 19. Rd1 c4 20. Nd4 Rxb2 21. Qe3
dxe4 22. Nec2 Qb6 23. Na3 Rc8 24. f4 Qc5 25. Nac2 Rxa2 26. g4 Nb6 27. f5 Nd5
28. Qxe4 Nxc3 29. Qf4 Ne2+ 30. Kg2 Nxf4+ 31. Rxf4 e5 32. Rf2 exd4 33. fxg6 hxg6
0-1

[Event "C.to Provinciale AT"]
[Site "Asti ITA"]
[Date "2009.04.18"]
[Round "5"]
[White "Porzio, Massimo"]
[Black "Bertuca, Gianluca"]
[Result "1-0"]
[WhiteElo "1901"]
[BlackElo "1524"]
[PlyCount "63"]
[EventDate "2009.04.16"]

1. e4 c5 2. Nf3 d6 3. d4 cxd4 4. Nxd4 Nf6 5. Nc3 a6 6. Bg5 e6 7. f4 Qb6 8. Qd2
Qxb2 9. Rb1 Qa3 10. Bxf6 gxf6 11. Be2 Nc6 12. Nb3 h5 13. O-O Bd7 14. Rf3 Qb4
15. Kh1 Qb6 16. f5 Ne5 17. fxe6 fxe6 18. Rxf6 Be7 19. Rff1 Qc7 20. Nd4 Nc6 21.
Nf3 h4 22. Na4 b5 23. Nb2 O-O-O 24. a4 Qb6 25. axb5 axb5 26. Na4 Qc7 27. Bxb5
Rdg8 28. Ba6+ Kd8 29. Nb6 Be8 30. Nc4 Rg4 31. Rb7 Qc8 32. Nxd6 1-0

[Event "C.to Provinciale AT"]
[Site "Asti ITA"]
[Date "2009.04.18"]
[Round "5"]
[White "Rasulo, Stefano"]
[Black "Lucchese, Paolo"]
[Result "0-1"]
[WhiteElo "1774"]
[BlackElo "2005"]
[PlyCount "120"]
[EventDate "2009.04.16"]

1. e4 c5 2. Nf3 d6 3. d4 cxd4 4. Nxd4 Nf6 5. Nc3 g6 6. f3 Bg7 7. Be3 O-O 8. Qd2
Nc6 9. g4 Nxd4 10. Bxd4 Be6 11. h4 h5 12. gxh5 Nxh5 13. Bxg7 Kxg7 14. Rg1 Qb6
15. Rg5 Rh8 16. O-O-O Nf6 17. f4 Bg4 18. Be2 Bxe2 19. Qxe2 Rxh4 20. e5 dxe5 21.
fxe5 Nh5 22. Nd5 Nf4 23. Qe1 Nxd5 24. Qxh4 Qe3+ 25. Kb1 Rh8 26. Qg3 e6 27. a3
Rh3 28. Qxe3 Rxe3 29. Rh1 Ne7 30. Kc1 Nf5 31. Rg4 Rxe5 32. Rc4 Ng3 33. Rd1 f5
34. Rc7+ Kh6 35. Rxb7 f4 36. Rb3 g5 37. Rxg3 fxg3 38. Rg1 Re3 39. Kd2 Rf3 40.
Rg2 Kh5 41. c4 Kh4 42. Ke2 g4 43. Rg1 Rf2+ 44. Ke3 Rxb2 45. c5 Rb3+ 46. Kf4 e5+
47. Kf5 Kh3 48. Rc1 g2 49. c6 Rb8 50. Kxe5 Rc8 51. Kd6 Kh2 52. Kd7 Rxc6 53.
Kxc6 g1=Q 54. Rxg1 Kxg1 55. a4 g3 56. a5 g2 57. Kb7 Kh2 58. Kxa7 g1=Q+ 59. Kb7
Qb1+ 60. Kc6 Qb8 0-1

[Event "C.to Provinciale AT"]
[Site "Asti ITA"]
[Date "2009.04.18"]
[Round "5"]
[White "Ronzano, Luca"]
[Black "Finocchiaro, Gianluca"]
[Result "1/2-1/2"]
[WhiteElo "1998"]
[BlackElo "2064"]
[PlyCount "113"]
[EventDate "2009.04.16"]

1. d4 Nf6 2. Nc3 c5 3. Bg5 Qa5 4. Bxf6 gxf6 5. d5 d6 6. e4 Bg7 7. Bb5+ Bd7 8.
Bxd7+ Nxd7 9. Nge2 Rg8 10. Qd2 Ne5 11. b3 f5 12. exf5 Bf6 13. Ne4 Qxd2+ 14.
Kxd2 Rxg2 15. Nxf6+ exf6 16. f4 Nf3+ 17. Ke3 Nd4 18. Nxd4 cxd4+ 19. Kxd4 Rxc2
20. Rhg1 Kf8 21. h4 Re8 22. a4 Rd2+ 23. Kc3 Rxd5 24. Rad1 Rc8+ 25. Kb2 Rcc5 26.
h5 Rxd1 27. Rxd1 Ke7 28. Re1+ Kd7 29. Rg1 Rxf5 30. Rg7 Rxh5 31. Rxf7+ Kc6 32.
Rxf6 Rh2+ 33. Kc3 h5 34. f5 h4 35. Rf8 Kd5 36. Rf7 Kc6 37. f6 Rf2 38. Rh7 Rxf6
39. Rxh4 Rf3+ 40. Kc2 Kc5 41. Rg4 a5 42. Rh4 d5 43. Rg4 Rf7 44. Rh4 Rf2+ 45.
Kc3 b6 46. Rg4 Re2 47. Rh4 Re3+ 48. Kc2 Re4 49. Rh6 Re2+ 50. Kd3 Rb2 51. Kc3
Rg2 52. Rh4 Rg3+ 53. Kc2 d4 54. Rh5+ Kc6 55. Rb5 d3+ 56. Kd2 Kb7 57. Kc3
1/2-1/2

[Event "C.to Provinciale AT"]
[Site "Asti ITA"]
[Date "2009.04.18"]
[Round "5"]
[White "Sorcinelli, Francesco"]
[Black "Molina, Fabrizio"]
[Result "0-1"]
[WhiteElo "2116"]
[BlackElo "2240"]
[PlyCount "66"]
[EventDate "2009.04.16"]

1. Nf3 d5 2. g3 Nf6 3. Bg2 c5 4. O-O Nc6 5. c4 d4 6. d3 Bg4 7. Nbd2 e6 8. b4
cxb4 9. a3 Be7 10. axb4 Bxb4 11. Ba3 Bxa3 12. Rxa3 O-O 13. h3 Bxf3 14. Bxf3 Qc7
15. Qa1 e5 16. Rb1 Nd7 17. Ne4 h6 18. Rab3 Rab8 19. Qa3 b6 20. Rb5 a6 21. Rd5
f5 22. Nd6 Nc5 23. Rxb6 Rxb6 24. Qxc5 Qb8 25. Qa3 Rb1+ 26. Kg2 Nb4 27. Qa5 Nc2
28. Nxf5 Ne1+ 29. Qxe1 Rxe1 30. Ne7+ Kf7 31. Rd7 Qb1 32. Be4 Ke6 33. Ra7 Rg1+
0-1

[Event "C.to Provinciale AT"]
[Site "Asti ITA"]
[Date "2009.04.19"]
[Round "6"]
[White "Bertuca, Gianluca"]
[Black "Dritsakos, Alessio"]
[Result "0-1"]
[WhiteElo "1524"]
[BlackElo "1924"]
[PlyCount "56"]
[EventDate "2009.04.16"]

1. d4 d5 2. c4 c6 3. Nf3 Nf6 4. Nc3 e6 5. e3 Nbd7 6. Qc2 Bd6 7. Be2 O-O 8. b3
Qe7 9. Bb2 dxc4 10. bxc4 c5 11. d5 exd5 12. cxd5 Re8 13. O-O b6 14. Rfd1 Bb7
15. Bc4 a6 16. a4 Rad8 17. Qe2 Ne5 18. Nxe5 Qxe5 19. g3 Ne4 20. Nb5 Qf5 21.
Nxd6 Rxd6 22. Bd3 Qh3 23. Bxe4 Rxe4 24. Qf3 f5 25. Rd2 Rxd5 26. Rad1 Rxd2 27.
Rxd2 Re7 28. Rd8+ Kf7 0-1

[Event "C.to Provinciale AT"]
[Site "Asti ITA"]
[Date "2009.04.19"]
[Round "6"]
[White "Damia, Angelo"]
[Black "Fortino, Fabrizio"]
[Result "1-0"]
[WhiteElo "2235"]
[BlackElo "2081"]
[PlyCount "39"]
[EventDate "2009.04.16"]

1. d4 Nf6 2. Bg5 c5 3. Nc3 Qb6 4. d5 d6 5. e4 Nbd7 6. Qd2 h6 7. Be3 Ne5 8. f4
Neg4 9. O-O-O g6 10. h3 Nxe3 11. Qxe3 Bg7 12. e5 dxe5 13. fxe5 Nd7 14. e6 Ne5
15. Nf3 Nxf3 16. Bb5+ Kf8 17. Qxf3 f5 18. Qg3 Bxe6 19. dxe6 Qxe6 20. Rhe1 1-0

[Event "C.to Provinciale AT"]
[Site "Asti ITA"]
[Date "2009.04.19"]
[Round "6"]
[White "De Francisci, Luigi"]
[Black "Turchetta, Gianluca"]
[Result "1/2-1/2"]
[WhiteElo "1914"]
[BlackElo "1957"]
[PlyCount "98"]
[EventDate "2009.04.16"]

1. d4 Nf6 2. f3 d5 3. e4 dxe4 4. Nc3 exf3 5. Nxf3 e6 6. Bd3 Be7 7. O-O O-O 8.
Qe1 Nc6 9. Qh4 Nb4 10. Be3 Nxd3 11. cxd3 Nd5 12. Qf2 Nxe3 13. Qxe3 b6 14. Rae1
Bb7 15. Qe2 Bxf3 16. Rxf3 Qxd4+ 17. Kh1 Bb4 18. Rc1 Bxc3 19. bxc3 Qd6 20. Rcf1
Rad8 21. Qf2 Rd7 22. Rg3 f6 23. Re1 c5 24. Rge3 e5 25. Rf1 b5 26. Qh4 a5 27.
Rh3 g6 28. Rhf3 f5 29. Qf2 b4 30. Qb2 a4 31. Qc2 a3 32. cxb4 cxb4 33. Rb1 Kg7
34. Qc4 Rc7 35. Qb5 Qc5 36. Qa4 Rb8 37. Rff1 Qc2 38. Qa5 Qc5 39. Qa6 Qb5 40.
Qe6 Rb6 41. Qb3 Rc3 42. Qd1 Rd6 43. Qe1 Rdxd3 44. Qh4 Rd4 45. Qe7+ Kh6 46. Rxf5
Qc5 47. Qg5+ Kg7 48. Qf6+ Kh6 49. Qg5+ Kg7 1/2-1/2

[Event "C.to Provinciale AT"]
[Site "Asti ITA"]
[Date "2009.04.19"]
[Round "6"]
[White "Giudici, Alberto"]
[Black "Porzio, Massimo"]
[Result "1-0"]
[WhiteElo "1999"]
[BlackElo "1901"]
[PlyCount "43"]
[EventDate "2009.04.16"]

1. d4 d5 2. Nf3 c5 3. c3 Nc6 4. Bf4 Qb6 5. Qb3 Qxb3 6. axb3 cxd4 7. cxd4 Nf6 8.
Nc3 a6 9. Nb5 Kd7 10. Ng5 e6 11. e3 Bb4+ 12. Nc3 Ke7 13. Bd3 h6 14. Nf3 Bd7 15.
Ke2 Rac8 16. Na4 Nh5 17. Bg3 Nxg3+ 18. hxg3 Na5 19. Nb6 Rc7 20. Nxd7 Kxd7 21.
Ne5+ Ke7 22. Ra4 1-0

[Event "C.to Provinciale AT"]
[Site "Asti ITA"]
[Date "2009.04.19"]
[Round "6"]
[White "Lucchese, Paolo"]
[Black "Finocchiaro, Gianluca"]
[Result "1-0"]
[WhiteElo "2005"]
[BlackElo "2064"]
[PlyCount "83"]
[EventDate "2009.04.16"]

1. e4 d5 2. d4 e6 3. Nc3 dxe4 4. Nxe4 Nd7 5. Bd3 Ngf6 6. Bg5 Be7 7. Bxf6 Nxf6
8. Qf3 Bd7 9. O-O-O Bc6 10. Nxf6+ Bxf6 11. Be4 Bxe4 12. Qxe4 Qd5 13. Qxd5 exd5
14. Re1+ Kd7 15. Nf3 Rhe8 16. h4 Re4 17. Rxe4 dxe4 18. Ng5 Bxg5+ 19. hxg5 Rh8
20. Rh4 h6 21. Kd2 Kd6 22. c4 c5 23. d5 b5 24. b3 bxc4 25. bxc4 Ke5 26. Ke3 Kd6
27. gxh6 gxh6 28. g4 h5 29. Rxh5 Rg8 30. Kf4 Rb8 31. Rh6+ Ke7 32. Rc6 Rb2 33.
Kxe4 Rxa2 34. Rxc5 a5 35. f4 a4 36. Kf5 a3 37. Rc7+ Ke8 38. Ke5 Ra1 39. Kd6 Kf8
40. Ra7 a2 41. c5 Kg7 42. c6 1-0

[Event "C.to Provinciale AT"]
[Site "Asti ITA"]
[Date "2009.04.19"]
[Round "6"]
[White "Molina, Fabrizio"]
[Black "Bove, Alessandro"]
[Result "1/2-1/2"]
[WhiteElo "2240"]
[BlackElo "2297"]
[PlyCount "30"]
[EventDate "2009.04.16"]

1. Nf3 c5 2. c4 e6 3. g3 b6 4. Bg2 Bb7 5. Nc3 Nf6 6. O-O Be7 7. d4 d6 8. d5 e5
9. Nxe5 dxe5 10. d6 Bxg2 11. dxe7 Qxe7 12. Kxg2 O-O 13. Bg5 Qb7+ 14. f3 Ne8 15.
Qd5 Qxd5 1/2-1/2

[Event "C.to Provinciale AT"]
[Site "Asti ITA"]
[Date "2009.04.19"]
[Round "6"]
[White "Piantadosi, Angelo"]
[Black "Del Nevo, Claudio"]
[Result "1-0"]
[WhiteElo "1685"]
[BlackElo "1894"]
[PlyCount "44"]
[EventDate "2009.04.16"]

1. e4 d6 2. d4 Nf6 3. Nc3 c6 4. Nf3 g6 5. Bg5 Bg7 6. Qd2 b5 7. Bd3 Bg4 8. Bh6
O-O 9. Bxg7 Kxg7 10. Qf4 Bxf3 11. gxf3 Nbd7 12. O-O-O e5 13. Qe3 b4 14. Ne2 Qa5
15. Kb1 Rac8 16. h4 h5 17. Qg5 c5 18. Rdg1 c4 19. Ng3 cxd3 20. Nf5+ Kg8 21. Qh6
dxc2+ 22. Kc1 Ne8 1-0

[Event "C.to Provinciale AT"]
[Site "Asti ITA"]
[Date "2009.04.19"]
[Round "6"]
[White "Quirico, Paolo"]
[Black "Ronzano, Luca"]
[Result "1-0"]
[WhiteElo "2096"]
[BlackElo "1998"]
[PlyCount "75"]
[EventDate "2009.04.16"]

1. d4 d5 2. Bf4 Bg4 3. f3 Bf5 4. e3 e6 5. c4 Bb4+ 6. Nc3 Nc6 7. Bd3 Bxd3 8.
Qxd3 dxc4 9. Qxc4 Nge7 10. a3 Bxc3+ 11. bxc3 Nd5 12. Nh3 O-O 13. e4 Nxf4 14.
Nxf4 e5 15. Nd5 Rc8 16. O-O Kh8 17. Rfd1 Qg5 18. Rab1 f5 19. dxe5 Nxe5 20. Qe2
fxe4 21. f4 Qg4 22. Qxg4 Nxg4 23. h3 Nh6 24. Rxb7 Rf7 25. Rxa7 c6 26. Rxf7 Nxf7
27. Ne3 Ra8 28. Nc4 g5 29. fxg5 Nxg5 30. h4 Nf7 31. Re1 Re8 32. a4 c5 33. a5
Re6 34. Kf2 Kg7 35. Rb1 Nd8 36. Rb6 Re7 37. a6 Kg8 38. Nd6 1-0

[Event "C.to Provinciale AT"]
[Site "Asti ITA"]
[Date "2009.04.19"]
[Round "6"]
[White "Roversi, Stefano"]
[Black "Rasulo, Stefano"]
[Result "1-0"]
[WhiteElo "1871"]
[BlackElo "1774"]
[PlyCount "79"]
[EventDate "2009.04.16"]

1. e4 e6 2. d3 c5 3. g3 Nc6 4. Bg2 d5 5. Nd2 Nf6 6. Ngf3 Be7 7. O-O O-O 8. e5
Nd7 9. Re1 b5 10. Nf1 Bb7 11. h4 Re8 12. N1h2 a5 13. h5 Bf8 14. h6 g6 15. Ng4
b4 16. Bg5 Be7 17. Qd2 Bxg5 18. Nxg5 Nd4 19. Qf4 Rf8 20. Rac1 Ba6 21. c3 bxc3
22. bxc3 Nb5 23. c4 Nc7 24. cxd5 Nxd5 25. Bxd5 exd5 26. Qe3 Qe7 27. e6 fxe6 28.
Nxe6 d4 29. Qd2 Qd6 30. Nxf8 Rxf8 31. Re4 Bb7 32. Rf4 Rb8 33. Qe2 Qc6 34. f3
Qd6 35. Kf2 g5 36. Rf5 Qg6 37. Qe7 Re8 38. Qxd7 Bc8 39. Qxe8+ Qxe8 40. Nf6+ 1-0

[Event "C.to Provinciale AT"]
[Site "Asti ITA"]
[Date "2009.04.19"]
[Round "6"]
[White "Sola, Giuseppe"]
[Black "Sorcinelli, Francesco"]
[Result "0-1"]
[WhiteElo "1993"]
[BlackElo "2116"]
[PlyCount "60"]
[EventDate "2009.04.16"]

1. Nf3 e6 2. d4 f5 3. g3 Nf6 4. Bg2 d5 5. O-O c6 6. c4 Bd6 7. Qc2 O-O 8. Nc3
Nbd7 9. b3 Ne4 10. Bb2 Ndf6 11. Nxe4 fxe4 12. Ne5 Qc7 13. f3 exf3 14. exf3 c5
15. f4 b6 16. Rac1 Bb7 17. Rfe1 Rae8 18. Re2 Re7 19. Rce1 Ne4 20. Nd3 g5 21.
fxg5 Nxg5 22. Rf1 Rxf1+ 23. Kxf1 Rf7+ 24. Rf2 dxc4 25. bxc4 Bxg2+ 26. Kxg2 Qb7+
27. d5 exd5 28. Rxf7 Qxf7 29. cxd5 Qf3+ 30. Kg1 Nh3# 0-1

[Event "C.to Provinciale AT"]
[Site "Asti ITA"]
[Date "2009.04.19"]
[Round "6"]
[White "Venturino, Federico"]
[Black "Astengo, Marcello"]
[Result "0-1"]
[WhiteElo "1877"]
[BlackElo "2114"]
[PlyCount "76"]
[EventDate "2009.04.16"]

1. d4 d5 2. c4 e6 3. Nc3 c6 4. a4 Nf6 5. Bg5 Nbd7 6. Bxf6 Nxf6 7. cxd5 Nxd5 8.
e3 Bb4 9. Nge2 Qa5 10. Qc2 b6 11. e4 Nf6 12. f3 Ba6 13. Nc1 Bxf1 14. Rxf1 Qg5
15. Qd2 Qh5 16. Qf4 Rd8 17. N1e2 O-O 18. O-O-O Qa5 19. g4 Be7 20. h4 Nd7 21. g5
e5 22. dxe5 Nxe5 23. Nd4 Bd6 24. Qf5 c5 25. Ndb5 Bb8 26. Rxd8 Rxd8 27. Rd1 Re8
28. f4 g6 29. Qf6 Ng4 30. Qc6 Bxf4+ 31. Kb1 Rf8 32. Rd7 Ne5 33. Qc7 Qb4 34. Nd5
Qxe4+ 35. Ka1 Qxa4+ 36. Kb1 Qxb5 37. Nf6+ Kg7 38. Rd8 Nc4 0-1

[Event "II Open A"]
[Site "Trento ITA"]
[Date "2009.04.18"]
[Round "2"]
[White "Dragojlovic, Andjelko"]
[Black "La Manna, Andrea"]
[Result "1/2-1/2"]
[WhiteElo "2404"]
[BlackElo "2167"]
[PlyCount "100"]
[EventDate "2009.04.17"]

1. Nf3 d6 2. e4 Nf6 3. Nc3 c6 4. d4 Bg4 5. h3 Bh5 6. Qe2 e6 7. g4 Bg6 8. Bg2 d5
9. exd5 cxd5 10. Ne5 Nc6 11. Nxg6 hxg6 12. Be3 Bb4 13. O-O Bxc3 14. bxc3 Na5
15. f4 Ne4 16. Qb5+ Kf8 17. f5 Nd6 18. Qb4 gxf5 19. gxf5 Kg8 20. fxe6 fxe6 21.
Bf4 Nac4 22. Rae1 Qd7 23. Qb1 Rh5 24. Qd1 Rf5 25. Qe2 Re8 26. h4 Qf7 27. Bg5
Rxf1+ 28. Rxf1 Qg6 29. Qd3 Qxd3 30. cxd3 Nb6 31. Bh3 Nb5 32. Bd2 Na4 33. Rc1
Kf7 34. Bg4 a6 35. Bd1 Nb2 36. Bh5+ g6 37. Rf1+ Kg7 38. Be2 Na4 39. Rc1 Rc8 40.
c4 dxc4 41. dxc4 Nxd4 42. Bg4 Nf5 43. Rb1 Nc5 44. Bg5 Rc7 45. Bf3 Rd7 46. Rb2
Rd4 47. Be2 e5 48. Rb6 Rd6 49. Rb2 Rd4 50. Rb6 Rd6 1/2-1/2

[Event "II Open A"]
[Site "Trento ITA"]
[Date "2009.04.19"]
[Round "5"]
[White "Faraoni, Enrico"]
[Black "Dragojlovic, Andjelko"]
[Result "1-0"]
[WhiteElo "2085"]
[BlackElo "2404"]
[PlyCount "95"]
[EventDate "2009.04.17"]

1. g4 g6 2. Bg2 Bg7 3. d4 d5 4. Nc3 Bxg4 5. Nxd5 c6 6. Ne3 Be6 7. Nf3 Nf6 8. h4
h6 9. Qd3 Na6 10. c3 O-O 11. h5 Nxh5 12. Rxh5 gxh5 13. Nh4 f5 14. Nexf5 Rf6 15.
Bf4 Bxf5 16. Nxf5 Qf8 17. Bh3 e6 18. Bd6 Qf7 19. Nxg7 Qxg7 20. O-O-O Qg6 21.
Qe3 Kf7 22. f4 Rg8 23. d5 c5 24. dxe6+ Rxe6 25. Bxe6+ Qxe6 26. Qf3 Nb8 27.
Qxh5+ Kg7 28. Be5+ Kf8 29. Rd8+ Ke7 30. Qh4+ Kf7 31. Rxg8 Kxg8 32. Qd8+ Kf7 33.
Qxb8 Qd5 34. Qc7+ Ke8 35. Qd6 Qxa2 36. Qb8+ Kf7 37. Qxb7+ Ke6 38. Qc6+ Kf5 39.
Qf6+ Ke4 40. Qg6+ Ke3 41. Qd3+ Kf2 42. c4 Qa1+ 43. Kc2 Qa4+ 44. b3 Qa2+ 45. Bb2
Qa6 46. f5 Qc8 47. Qf3+ Kg1 48. f6 1-0